000 00878cam a2200265 a 4500
001 13888458
005 20180127051853.0
008 050303s2005 caua b 001 0 eng
010 _a 2005923548
020 _a9780387245584 (alk. paper)
020 _a0387245588 (alk. paper)
040 _aDLC
_cDLC
_dDLC
041 _aeng
042 _apcc
080 _a616
082 _2616 AND
100 _a4
101 _aSHM
245 0 0 _aEvaluating the organizational impact of healthcare information systems /
_cJames G. Anderson, Carolyn E. Aydin, editors.
246 3 _aEvaluating the organizational impact of health care information systems
906 _a7
_bcbc
_corigcop
_d2
_encip
_f20
_gy-gencatlg
942 _2ddc
_cBK
999 _c41081
_d41081